US States by Area - Statistics

General Stats
  • This quiz has been taken 343 times
  • The average score is 28 of 50
Answer Stats
Hint Answer % Correct
665,384 sq mi Alaska
99%
268,596 sq mi Texas
98%
163,695 sq mi California
96%
147,040 sq mi Montana
92%
121,590 sq mi New Mexico
80%
113,990 sq mi Arizona
79%
104,094 sq mi Colorado
77%
110,572 sq mi Nevada
77%
98,379 sq mi Oregon
68%
97,813 sq mi Wyoming
66%
84,897 sq mi Utah
64%
1,545 sq mi Rhode Island
60%
96,714 sq mi Michigan
58%
86,936 sq mi Minnesota
58%
2,489 sq mi Delaware
57%
83,569 sq mi Idaho
57%
5,543 sq mi Connecticut
56%
77,116 sq mi South Dakota
56%
82,278 sq mi Kansas
54%
77,348 sq mi Nebraska
54%
65,758 sq mi Florida
53%
9,349 sq mi New Hampshire
52%
70,698 sq mi North Dakota
52%
69,707 sq mi Missouri
51%
69,899 sq mi Oklahoma
51%
9,616 sq mi Vermont
51%
71,398 sq mi Washington
51%
57,914 sq mi Illinois
50%
65,496 sq mi Wisconsin
50%
56,273 sq mi Iowa
48%
59,425 sq mi Georgia
47%
10,932 sq mi Hawaii
47%
8,723 sq mi New Jersey
46%
54,555 sq mi New York
46%
53,819 sq mi North Carolina
46%
44,826 sq mi Ohio
46%
35,380 sq mi Maine
45%
52,420 sq mi Alabama
44%
53,179 sq mi Arkansas
44%
12,406 sq mi Maryland
44%
10,554 sq mi Massachusetts
44%
36,420 sq mi Indiana
43%
48,432 sq mi Mississippi
42%
52,378 sq mi Louisiana
41%
46,054 sq mi Pennsylvania
41%
32,020 sq mi South Carolina
41%
24,230 sq mi West Virginia
41%
42,775 sq mi Virginia
39%
40,408 sq mi Kentucky
38%
42,144 sq mi Tennessee
38%
No matching quizzes found
Score Distribution
Percent of People with Each Score
Percentile by Number Answered
Your Score History
You have not taken this quiz